Name a Valid Word with Each Alphabet Score - Statistics

General Stats
  • This quiz has been taken 12 times
  • The average score is 10 of 21
Answer Stats
Score Word % Correct
10
90%
14
90%
9
80%
8
70%
11
70%
13
70%
7
60%
12
60%
15
60%
16
60%
6
50%
17
50%
5
40%
18
40%
19
30%
20
30%
4
20%
3
10%
21
10%
2
0%
22
0%
No matching quizzes found
Score Distribution
Percent of People with Each Score
Percentile by Number Answered
Your Score History
You have not taken this quiz